| 000 | 02254cam a22003378i 4500 | ||
|---|---|---|---|
| 001 | 14228244 | ||
| 005 | 20260306114009.0 | ||
| 008 | 250721s2025 bcc j 000 f eng | ||
| 015 |
_a20240445813 _2can |
||
| 020 |
_a9781551529813 _q(softcover) |
||
| 020 |
_a1551529815 _q(softcover) |
||
| 035 | _a(OCoLC)on1450563836 | ||
| 035 | _a(CaBVaU)14228244 | ||
| 040 |
_aNLC _beng _cNLC _erda _dNLC _dOCLCO _dBDX _dYDX _dIG# _dHBP _dOCLCO _dIOD _dNLC _dMLSOD _dUBC _dUtOrBLW |
||
| 041 | _aEnglish | ||
| 042 | _alac | ||
| 050 | 4 |
_aPR9199.4.T37 _bD76 2025 |
|
| 055 | 0 |
_aPS8639.A685 _bD76 2025 |
|
| 090 |
_aPZ7.1.T373 _bDr 2025 |
||
| 100 |
_aTaranto, Lea, _eauthor. _926826 |
||
| 245 | 1 | 2 |
_aA drop in the ocean _b: a novel _c/ Lea Taranto |
| 263 | _a202505 | ||
| 264 | 1 |
_aVancouver : _bArsenal Pulp Press, _c[2025] |
|
| 300 |
_a294 pages ; _c21 cm |
||
| 520 |
_a"An engaging YA novel about a girl in treatment for obsessive compulsive disorder that combats the dehumanizing stigma around mental illness. Sixteen-year-old Mira Durand has just been checked into the Residency Adolescent Treatment Centre for obsessive compulsive and comorbid disorders. Four years of being passed around different psych wards like a hot potato have only worsened her OCD and anorexia. Her brutal, religious compulsions, which she believes keep her mom safe, make her less of a clean freak and more of a freak freak. No wonder her only friend is her journal. At the Residency's Ward Two, Mira discovers that her shrink is a fellow fantasy nerd and that her wardmates have enough of their own high-risk behaviours to tolerate hers. The complex friendships she forms with them, including a first love, the slow trust she builds with her treatment team, and the outside and family visits she earns give her things to look forward to beyond the drudgery of her compulsions. But it takes visiting Gung-Gung, her dying maternal grandfather, for her to realize that to truly live, she must fight the cognitive distortions at the heart of her compulsions."-- _cProvided by publisher. |
||
| 650 | 0 |
_aObsessive-compulsive disorder - Fiction. _vFiction. |
|
| 650 | 0 |
_aAnorexia - Fiction. _926828 |
|
| 650 | 0 |
_aMental illness - Fiction. _926829 |
|
| 655 | 7 |
_aNovels. _2lcgft _922644 |
|
| 942 | _2lcc | ||
| 999 |
_c5393 _d5393 |
||